| 000 | 00686cam a22002413a 4500 | ||
|---|---|---|---|
| 001 | 12278 | ||
| 003 | PGUSA | ||
| 005 | 20140828083247.0 | ||
| 008 | 040501s2004||||xxu|||||s|||||000 | eng d | ||
| 040 |
_aPGUSA _beng |
||
| 042 | _adc | ||
| 050 | 4 | _aPR | |
| 100 | 1 |
_aMoore, George, _d1852-1933 |
|
| 245 | 1 | 0 |
_aConfessions of a Young Man _h[electronic resource] / _cGeorge Moore |
| 260 |
_bProject Gutenberg, _c2004 |
||
| 506 | _aPublic domain in the USA. | ||
| 516 | _aElectronic text | ||
| 653 | _aMoore, George, 1852-1933 | ||
| 653 | _aParis (France) -- Intellectual life | ||
| 830 | 0 |
_aProject Gutenberg _v12278 |
|
| 856 | 4 | 0 | _uhttp://www.gutenberg.org/ebooks/12278 |
| 942 | _cEB | ||
| 999 |
_c241533 _d241533 |
||